=LDR 00000nam 2200000 4500 =001 INLIS000000000044648 =005 20131008110334 =008 ***********************************Ind** =035 ##$$0010-101300000002570 =041 ##$$a Ind =082 ##$$a 641.8 =090 ##$$a 641.8, Thr a =100 ##$$a Threas, Emir =245 ##$$a Aneka meatballs, Untuk bekal =260 ##$$a 2011 $b Jakarta =300 ##$$a 47 hlm, Ilus, 24 cm =650 ##$$a Hidangan Tambahan (Meatballs) =700 ##$$a Hardiman, Intarina =850 ##$$a NBPNMAT